इमॅजिनिंग इंडिया / (Record no. 71469)
[ view plain ]
| 000 -LEADER | |
|---|---|
| fixed length control field | 01163nam a22002417a 4500 |
| 005 - DATE AND TIME OF LATEST TRANSACTION | |
| control field | 20121010141910.0 |
| 008 - FIXED-LENGTH DATA ELEMENTS--GENERAL INFORMATION | |
| fixed length control field | 121010t xxu||||| |||| 00| 0 mar d |
| 010 ## - LCCN (DPL NO) | |
| LC control number | MAR-22756 |
| 020 ## - INTERNATIONAL STANDARD BOOK NUMBER | |
| Terms of availability | 640.00 |
| International Standard Book Number | 9788184984262 |
| 035 ## - SYSTEM CONTROL NUMBER | |
| System control number | MR-15414 |
| 037 ## - SOURCE OF ACQUISITION | |
| Source of stock number/acquisition | DBAD/PUB |
| 040 ## - CATALOGING SOURCE | |
| Original cataloging agency | DPL |
| Language of cataloging | MR |
| 082 ## - DEWEY DECIMAL CLASSIFICATION NUMBER | |
| Classification number | 954 |
| 100 ## - MAIN ENTRY--PERSONAL NAME | |
| 9 (RLIN) | 53016 |
| Personal name | निलेकणी, नंदन |
| 245 ## - TITLE STATEMENT | |
| Title | इमॅजिनिंग इंडिया / |
| Statement of responsibility, etc | नंदन निलेकणी ; अपर्णा वेलणकर द्वारा अनुवादित |
| 246 ## - VARYING FORM OF TITLE | |
| Title proper/short title | Imagining India |
| Remainder of title | by Nandan Nilekani |
| 260 ## - PUBLICATION, DISTRIBUTION, ETC. (IMPRINT) | |
| Place of publication, distribution, etc | पुणे |
| Name of publisher, distributor, etc | मेहता पब्लिशिंग हाऊस |
| Date of publication, distribution, etc | 2012 |
| 270 ## - ADDRESS | |
| City | पुणे |
| Address | 1941,सदाशिव पेठ,माडीवाले कॉलनी |
| Postal code | 411030 |
| 300 ## - PHYSICAL DESCRIPTION | |
| Extent | बारा,730पृ. |
| Dimensions | 21सेमी(अजिल्द) |
| Other physical details | सचित्र |
| 700 ## - ADDED ENTRY--PERSONAL NAME | |
| Personal name | वेलणकर, अपर्णा |
| 9 (RLIN) | 53616 |
| 942 ## - ADDED ENTRY ELEMENTS (KOHA) | |
| Source of classification or shelving scheme | Dewey Decimal Classification |
| Item type | Marathi Books |
| Call number suffix | निलेक |
| Classification part | 954 |
| Withdrawn status | Lost status | Source of classification or shelving scheme | Damaged status | Not for loan | Collection code | Home library | Current library | Date acquired | Source of acquisition | Cost, normal purchase price | Total Checkouts | Full call number | Barcode | Date last seen | Copy number | Cost, replacement price | Koha item type |
|---|---|---|---|---|---|---|---|---|---|---|---|---|---|---|---|---|---|
| Dewey Decimal Classification | Not For Loan | Non-fiction | D.B.Act.Division | D.B.Act.Division | 16/11/2012 | DBAD / PUB | 640.00 | 954 निलेक | MR-15414 | 16/11/2012 | 1 | 640.00 | Marathi Books |
